Simón Bolívar y las guerras de la independencia Americana (Registro nro. 85589)
[ vista simple ]
| 000 -ENCABEZADO | |
|---|---|
| Número de control [NR] | 01037nam a22002657a 4500 |
| 008 - DE LONGITUD FIJA DE DATOS DE ELEMENTOS - INFORMACIÓN GENERAL | |
| Elementos de longitud fija [NR] | 130821s1945 cl gr dspa |
| 040 ## - FUENTE DE CATALOGACION [NR] | |
| Agencia de catalogación original [NR] | Co-BoUCM |
| Idioma de catalogación [NR] | spa |
| 041 00 - CODIGO DE IDIOMA [R] | |
| Código de idioma para texto/pista de sonido o título separado [R] | Español |
| 092 ## - SIGNATURA TOPOGRAFICA LOCAL | |
| Número de clasificación local | FN 000194 4a. ed |
| 100 ## - ASIENTO PRINCIPAL--NOMBRE PERSONAL [NR] | |
| Nombre personal [NR] | Dietrich, Wolfram |
| ID Autoridad | 170871 |
| 245 00 - MENCION DE TITULO [NR] | |
| Título [NR] | Simón Bolívar y las guerras de la independencia Americana |
| Mención de responsabilidad, etc. [NR] | Wolfran Dietrich, traducción de Iguel Checa Solari |
| 250 ## - MENCION DE EDICION [NR] | |
| Mención de edición [NR] | 4a. ed |
| 260 ## - PUBLICACION, DISTRIBUCION, ETC. (PIE DE IMPRENTA) [R] | |
| Lugar de publicación, distribución, etc. [R] | Santiago de Chile (Chile) |
| Nombre del editor, distribuidor, etc. [R] | Ediciones Ercilla |
| Fecha de publicación, distribución, etc. [R] | 1945 |
| 300 ## - DESCRIPCION FISICA [R] | |
| Extensión [R] | 263 páginas |
| 500 ## - NOTA GENERAL [R] | |
| Nota general [NR] | Incluye bibliografía e índice. -- Este libro se encuentra en el depósito de la biblioteca |
| 600 ## - ASIENTO SECUNDARIO DE MATERIA - NOMBRE PERSONAL [R] | |
| Nombre personal [NR] | Bolívar, Simón |
| Fechas asociadas con el nombre [NR] | 1783-1830 |
| 9 (RLIN) | 33138 |
| 600 ## - ASIENTO SECUNDARIO DE MATERIA - NOMBRE PERSONAL [R] | |
| Nombre personal [NR] | Bolívar, Simón |
| Fechas asociadas con el nombre [NR] | 1783-1830 |
| Subdivisión de forma [R] | Biografías |
| 9 (RLIN) | 38579 |
| 650 04 - ASIENTO SECUNDARIO DE MATERIA - TERMINO TEMATICO [R] | |
| Término temático o nombre geográfico como elemento de entrada [NR] | Biografías |
| 9 (RLIN) | 7343 |
| 650 04 - ASIENTO SECUNDARIO DE MATERIA - TERMINO TEMATICO [R] | |
| Término temático o nombre geográfico como elemento de entrada [NR] | Guerras de Independencia |
| Subdivisión cronológica [R] | 1806-1830 |
| 9 (RLIN) | 7678 |
| 650 04 - ASIENTO SECUNDARIO DE MATERIA - TERMINO TEMATICO [R] | |
| Término temático o nombre geográfico como elemento de entrada [NR] | Historia |
| 9 (RLIN) | 7695 |
| 651 ## - ASIENTO SECUNDARIO DE MATERIA - NOMBRE GEOGRAFICO [R] | |
| Nombre geográfico [NR] | América Latina |
| 9 (RLIN) | 26753 |
| 651 ## - ASIENTO SECUNDARIO DE MATERIA - NOMBRE GEOGRAFICO [R] | |
| Nombre geográfico [NR] | América Latina |
| Subdivisión general [R] | Historia |
| Subdivisión cronológica [R] | Guerras de independencia |
| -- | 1806-1830 |
| 9 (RLIN) | 26570 |
| 700 ## - ASIENTO SECUNDARIO - NOMBRE PERSONAL [R] | |
| Nombre personal [NR] | Checa Solari, Iguel. |
| Término de relación [R] | |
| 9 (RLIN) | 170872 |
| 942 ## - ELEMENTOS DE ENTRADA AGREGADOS (KOHA) | |
| Tipo de ítem principal el descrito en 300a | Libro |
| Tema principal | [No clasificado] |
| Edición | 4 |
| Título oculto en OPAC | No |
| Signatura topográfica | Código de barras | Última vez visto | Volúmen / Fascículo | Ejemplar | Price effective from | Tipo de ítem | Nota pública (OPAC) | Perdido | Sistema de clasificación | Dañado | No prestable | Tipo de ítem específico | Suprimido | Ubicación habitual | Ubicación actual | Localización | Fecha de creación | Forma de adquisición | Costo |
|---|---|---|---|---|---|---|---|---|---|---|---|---|---|---|---|---|---|---|---|
| ~ | 120055770 | 04/12/2025 | FN 000194 4a. Ed. | Ej.1 | 03/02/2013 | Libro | Galería de donantes | LOCAL | Fondos especiales | Claustro | Claustro | Procesos Técnicos | 28/02/2003 | Donación | 10000.00 |